000 01005nam0a2200301 4500
001 RU\NLR\BIBL_A\012391984
005 20250624023752.0
010 _91000
035 _a(NLR Aleph) 012391984
090 _a13301867
_c13301867
100 _a20201029d1959 |||y0rusy50 ca
101 1 _akir
_crus
102 _aKG
105 _aa z 000cy
181 0 _ai
_baxxe
182 0 _an
200 1 _aА. Ярышкинанын бригадасы
_fК. Слепенко
203 _aТекст
_bвизуальный
_cнепосредственный
210 _aФрунзе
_cКыргызмамбас
_d1959
215 _a29,[2] c.
_cфот.
_d20
225 1 _aКоммунистче иштѳѳнү жана жашоону үйрѳнѳлү
541 1 _aБригада А. Ярышкиной
_zrus
686 1 _aУ9(2)306.4-70
700 1 _aСлепенко
_bК. М.
_gКонстантин Михайлович
_4070
852 _aNLR
_bОНЛ
_jКирг./2-2823
942 _cBOOK
980 _aNB